Newton and Newtonianism New Studies /

Λεπτομέρειες βιβλιογραφικής εγγραφής
Συγγραφή απο Οργανισμό/Αρχή: SpringerLink (Online service)
Άλλοι συγγραφείς: Force, James E. (Επιμελητής έκδοσης), Hutton, Sarah (Επιμελητής έκδοσης)
Μορφή: Ηλεκτρονική πηγή Ηλ. βιβλίο
Γλώσσα:English
Έκδοση: Dordrecht : Springer Netherlands, 2004.
Σειρά:International Archives of the History of Ideas/Archives internationales d’histoire des idées, 188
Θέματα:
Διαθέσιμο Online:Full Text via HEAL-Link
LEADER 02499nam a22004815i 4500
001 978-1-4020-2238-8
003 DE-He213
005 20151204164550.0
007 cr nn 008mamaa
008 100301s2004 ne | s |||| 0|eng d
020 |a 9781402022388  |9 978-1-4020-2238-8 
024 7 |a 10.1007/1-4020-2238-7  |2 doi 
040 |d GrThAP 
050 4 |a B108-5802 
072 7 |a HPC  |2 bicssc 
072 7 |a PHI009000  |2 bisacsh 
082 0 4 |a 180-190  |2 23 
245 1 0 |a Newton and Newtonianism  |h [electronic resource] :  |b New Studies /  |c edited by James E. Force, Sarah Hutton. 
264 1 |a Dordrecht :  |b Springer Netherlands,  |c 2004. 
300 |a XVIII, 246 p.  |b online resource. 
336 |a text  |b txt  |2 rdacontent 
337 |a computer  |b c  |2 rdamedia 
338 |a online resource  |b cr  |2 rdacarrier 
347 |a text file  |b PDF  |2 rda 
490 1 |a International Archives of the History of Ideas/Archives internationales d’histoire des idées,  |x 0066-6610 ;  |v 188 
505 0 |a The New Newtonian Scholarship and the Fate of the Scientific Revolution -- Plans for Publishing Newton’s Religious and Alchemical Manuscripts, 1982–1998 -- Digitizing Isaac: The Newton Project and an Electronic Edition of Newton’s Papers -- Was Newton a Voluntarist? -- Providence and Newton’s Pantokrator: Natural Law, Miracles, and Newtonian Science -- Eighteenth-Century Reactions to Newton’s Anti-Trinitarianism -- Prosecuting Athanasius: Protestant Forensics and the Mirrors of Persecution -- Lust, Pride, and Ambition: Isaac Newton and the Devil -- Women, Science, and Newtonianism: Emilie du Châtelet versus Francesco Algarotti -- Reflections on Newton’s Alchemy in Light of the New Historiography of Alchemy -- The Trouble with Newton in the Eighteenth Century. 
650 0 |a Philosophy. 
650 0 |a Religion. 
650 0 |a History. 
650 1 4 |a Philosophy. 
650 2 4 |a History of Philosophy. 
650 2 4 |a Religious Studies, general. 
650 2 4 |a History, general. 
700 1 |a Force, James E.  |e editor. 
700 1 |a Hutton, Sarah.  |e editor. 
710 2 |a SpringerLink (Online service) 
773 0 |t Springer eBooks 
776 0 8 |i Printed edition:  |z 9781402019692 
830 0 |a International Archives of the History of Ideas/Archives internationales d’histoire des idées,  |x 0066-6610 ;  |v 188 
856 4 0 |u http://dx.doi.org/10.1007/1-4020-2238-7  |z Full Text via HEAL-Link 
912 |a ZDB-2-SHU 
912 |a ZDB-2-BAE 
950 |a Humanities, Social Sciences and Law (Springer-11648)